| 000 | 00476nam a2200133 a 4500 | ||
|---|---|---|---|
| 008 | 120416s1964 ||||||||||||||||| || u | ||
| 050 | _aDT 31 Nic | ||
| 100 | _aNicol, Davidson | ||
| 245 | 1 | 0 | _aAfrica-a subjective view |
| 260 |
_aLondon _bLongmans & Ghana University Press _c1964 |
||
| 300 | _aviii, 88p. | ||
| 350 | _a0.00 | ||
| 995 |
_D0.00 _FCBU-MAIN LIBRARY (Kitwe) _H1 _I0.00 _UAVAILABLE _ZMain Library Open Access Collection |
||
| 999 |
_c33661 _d33661 |
||